|
|
|
|
| LEADER |
00000ny a22000003n 4500 |
| 005 |
20110512120854.0 |
| 008 |
A10410c1978 sp dr p | 0 a0spa d |
| 022 |
|
|
|a 1699-3594
|
| 022 |
|
|
|z 9968-747X
|
| 035 |
|
|
|a 347
|
| 040 |
|
|
|a BUS
|d vLex
|
| 090 |
|
|
|c 1771
|d 1771
|
| 245 |
3 |
0 |
|a Cinco da̕s
|h [Recurso electrn̤ico]
|
| 256 |
|
|
|a Servicio en ln̕ea
|
| 260 |
|
|
|a [Madrid] :
|b Estructura, Grupo de Estudios Econm̤icos
|
| 310 |
|
|
|a diaria (lunes a viernes)
|
| 650 |
0 |
4 |
|a Negocios
|x Publicaciones perid̤icas
|
| 655 |
|
4 |
|a Perid̤icos electrn̤icos
|
| 740 |
|
|
|a vLex Revista (Servicios en ln̕ea)
|
| 843 |
|
|
|a Electrn̤ica. Abierta
|
| 853 |
|
|
|8 1
|i (year)
|j (month)
|k (day)
|
| 856 |
4 |
0 |
|z Acceso restringido
|u http://vlex.com/account/login_ip?fuente_id=347
|
| 942 |
|
|
|c REV
|